000 00340 a2200169 4500
001 164542
020 _a85-08-07665-7
040 _cMagnum
100 _aGreco, Sérgio Emílio
240 1 0 _aMatemática
_lpor
245 1 0 _aMatemática
300 _a430
362 0 _a2001
440 1 _aÁtica
697 _aMATEMÁTICA
942 _cBK
999 _c164542
_d164542